000 00343pam a2200133a 44500
008 230405s2008 xxu||||| |||| 00| 0 eng d
020 _a8123913753
_cRs. 192.50
082 _a610.73
_bDEV
100 _aDevi,E.S.
245 _aManipal Manual of Nursing Education
260 _aNew Delhi
_bCBS Pub.
_c2008
300 _a415 p
906 _a000971
999 _c249737
_d249737